[Event "Campeonato Pan-Americano Sub-20 Feminino"]
[Site "CXSP, São Paulo"]
[Date "2012.??.??"]
[Round "1.1"]
[White "Sena Moura, Danielle"]
[Black "Rodriguez Rueda, Paula Andrea"]
[Result "0-1"]
[WhiteElo "1892"]
[BlackElo "2208"]
[PlyCount "98"]
[EventDate "2012.06.29"]

1. d4 Nf6 2. c4 e6 3. Nf3 b6 4. g3 Ba6 5. Qc2 Bb4+ 6. Bd2 Be7 7. Bg2 O-O 8. O-O
d5 9. Ne5 c6 10. e3 Nfd7 11. Nxd7 Nxd7 12. b3 Rc8 13. e4 dxe4 14. Qxe4 c5 15.
Bc3 Nf6 16. Qe3 b5 17. cxb5 Bxb5 18. Rd1 Nd5 19. Bxd5 Qxd5 20. Qe5 Qf3 21. Na3
Bc6 22. d5 Bf6 23. Qe3 Qxe3 24. fxe3 Bxc3 25. dxc6 Bxa1 26. Rxa1 Rxc6 27. Nc4
Rd8 28. Kf2 f6 29. Ke2 Kf7 30. Rc1 Ke7 31. Rc2 Rcc8 32. Na5 e5 33. e4 Rd4 34.
Ke3 Ke6 35. Rc3 Rc7 36. g4 g6 37. Rc2 f5 38. gxf5+ gxf5 39. exf5+ Kxf5 40. Rf2+
Rf4 41. Rd2 Re4+ 42. Kf3 Rd4 43. Re2 e4+ 44. Kf2 Kf4 45. Nc4 Rg7 46. Re1 Rd3
47. Re2 Rf3+ 48. Ke1 Rg1+ 49. Kd2 Ra1 0-1

[Event "Campeonato Pan-Americano Sub-20 Feminino"]
[Site "CXSP, São Paulo"]
[Date "2012.??.??"]
[Round "1.2"]
[White "Cancio-Bello Ayes, Flavia"]
[Black "Dominguez, Gisella"]
[Result "1/2-1/2"]
[WhiteElo "2190"]
[BlackElo "1824"]
[PlyCount "92"]
[EventDate "2012.06.29"]

1. e4 g6 2. d4 Bg7 3. Nc3 c6 4. f4 d5 5. e5 h5 6. Nf3 Bg4 7. Be2 Nh6 8. Be3 Nf5
9. Qd2 Nd7 10. Ng5 e6 11. O-O Bxe2 12. Nxe2 b6 13. a4 c5 14. c3 c4 15. Bf2 Nb8
16. Ng3 Nxg3 17. Bxg3 Nc6 18. Bh4 Qd7 19. Nh3 Ne7 20. Bxe7 Qxe7 21. a5 b5 22.
a6 Qc7 23. Qe2 Rb8 24. Kh1 Qd8 25. Qc2 b4 26. Ng5 O-O 27. g4 hxg4 28. Qf2 Bh6
29. Qh4 Kg7 30. Qxg4 Bxg5 31. fxg5 bxc3 32. bxc3 Rh8 33. Rf2 Kg8 34. Raf1 Rh7
35. Rf3 Rb2 36. h3 Qb6 37. Qf4 Qxa6 38. Qf6 Rb8 39. Qe7 Qb7 40. Qd6 a5 41. R1f2
Qb1+ 42. Kg2 Qb7 43. h4 Rf8 44. Kg3 Qb8 45. Qc5 a4 46. Ra2 Qb1 1/2-1/2

[Event "Campeonato Pan-Americano Sub-20 Feminino"]
[Site "CXSP, São Paulo"]
[Date "2012.??.??"]
[Round "1.3"]
[White "Ramillo, Vitoria Matheus"]
[Black "Cordero, Daniela"]
[Result "1-0"]
[WhiteElo "1778"]
[BlackElo "2090"]
[PlyCount "71"]
[EventDate "2012.06.29"]

1. e4 e6 2. d4 d5 3. Nd2 c5 4. c3 cxd4 5. cxd4 dxe4 6. Nxe4 Bb4+ 7. Nc3 Nc6 8.
Nf3 Nf6 9. Bd3 O-O 10. O-O Be7 11. Re1 Nb4 12. Bb1 b6 13. a3 Nbd5 14. Qd3 a5
15. Ne5 Bb7 16. Qh3 Nc7 17. Bg5 g6 18. Ba2 Nh5 19. Bh6 Ng7 20. Rad1 Bf6 21. Re2
Ba6 22. Red2 Bb7 23. Ng4 Bg5 24. Rd3 Nd5 25. Nxd5 Bxd5 26. Bxd5 exd5 27. Qf3
Be7 28. Rb3 f5 29. Ne3 a4 30. Rb5 Bg5 31. Bxg5 Qxg5 32. Qxd5+ Kh8 33. Rxb6 Rae8
34. Rb7 Nh5 35. Qd7 Nf6 36. Qg7# 1-0

[Event "Campeonato Pan-Americano Sub-20 Feminino"]
[Site "CXSP, São Paulo"]
[Date "2012.??.??"]
[Round "1.4"]
[White "Guimaraes, Artemis Pamela"]
[Black "Fassis, Juliana Maria"]
[Result "1-0"]
[WhiteElo "2042"]
[BlackElo "1757"]
[PlyCount "99"]
[EventDate "2012.06.29"]

1. e4 e6 2. d4 d5 3. Nd2 c5 4. exd5 exd5 5. Ngf3 Nc6 6. Bb5 Qe7+ 7. Qe2 Nf6 8.
Qxe7+ Bxe7 9. O-O O-O 10. dxc5 Bxc5 11. Nb3 Bb6 12. Bg5 Ne4 13. Bh4 a6 14. Be2
Re8 15. Rfe1 Nb4 16. Nbd4 Bg4 17. c3 Nc6 18. Rad1 f6 19. Bg3 Nxd4 20. Nxd4 Bxe2
21. Nxe2 Nxg3 22. hxg3 Re5 23. Nd4 Rd8 24. Nf3 Rxe1+ 25. Nxe1 Bc5 26. Nd3 Bd6
27. Kf1 Kf7 28. Ke2 Bc7 29. Nb4 Ke6 30. Nd3 Bb6 31. Kf3 g5 32. Rh1 Rd7 33. g4
d4 34. c4 Rc7 35. b3 a5 36. Ke4 a4 37. Rh6 Ba5 38. b4 Bb6 39. c5 Ba7 40. f4 Rg7
41. Kxd4 Bb8 42. f5+ Ke7 43. b5 Rf7 44. Rh3 Bc7 45. Nb4 Kd7 46. Nd5 Be5+ 47.
Kc4 Kc8 48. Ra3 Kd8 49. Rxa4 Rd7 50. Ra8+ 1-0

[Event "Campeonato Pan-Americano Sub-20 Feminino"]
[Site "CXSP, São Paulo"]
[Date "2012.??.??"]
[Round "1.5"]
[White "Vescovi, Katherine Lemos"]
[Black "Casusol, Cecilia"]
[Result "1-0"]
[WhiteElo "1752"]
[BlackElo "2039"]
[PlyCount "79"]
[EventDate "2012.06.29"]

1. e4 c5 2. Nf3 Nc6 3. Bb5 Nf6 4. d3 g6 5. Bxc6 bxc6 6. Be3 d6 7. h3 Bg7 8. c3
O-O 9. Nbd2 Rb8 10. Rb1 Ba6 11. Qc2 Qa5 12. O-O Rb7 13. Rfc1 Nd7 14. Bg5 Nb8
15. a3 Re8 16. Nf1 c4 17. d4 Nd7 18. Qd2 Nb6 19. Bh6 Na4 20. Ng3 Bf6 21. Re1
Rb5 22. e5 dxe5 23. dxe5 Bh8 24. Qf4 e6 25. Ne4 Qd8 26. Nd6 Qe7 27. Nxe8 Qxe8
28. Ng5 Nc5 29. Red1 Nd3 30. Qxc4 Nxe5 31. Qf4 Rd5 32. Ne4 Qd8 33. Rxd5 cxd5
34. Bg5 Qb6 35. Nf6+ Bxf6 36. Qxf6 Nd7 37. Qe7 Bb5 38. Bh6 Qc5 39. Qd8+ Nf8 40.
Qf6 1-0

[Event "Campeonato Pan-Americano Sub-20 Feminino"]
[Site "CXSP, São Paulo"]
[Date "2012.??.??"]
[Round "1.7"]
[White "Dall`orsoletta, Alaize"]
[Black "Pereira, Amanda Marques"]
[Result "1/2-1/2"]
[WhiteElo "1728"]
[BlackElo "1999"]
[PlyCount "81"]
[EventDate "2012.06.29"]

1. e4 c5 2. Nf3 e6 3. d4 cxd4 4. Nxd4 a6 5. Bd3 Nf6 6. Nc3 d6 7. Be3 Be7 8. Nb3
Nbd7 9. a4 b6 10. O-O Qc7 11. f4 O-O 12. g4 Rd8 13. g5 Ne8 14. Qg4 Nc5 15. Nxc5
dxc5 16. f5 c4 17. Be2 exf5 18. exf5 Bc5 19. Bxc5 Qxc5+ 20. Rf2 Rd4 21. Qg2 Ra7
22. Ne4 Qe5 23. Ng3 Bb7 24. Bf3 Nd6 25. Bxb7 Rxb7 26. Re2 Qc5 27. Qf2 c3 28.
Rae1 Rb8 29. b3 Rd5 30. Qxc5 Rxc5 31. Ne4 Nxe4 32. Rxe4 Kf8 33. Re5 Rxe5 34.
Rxe5 Rd8 35. Re3 Rd1+ 36. Kf2 Rd2+ 37. Re2 Rd5 38. Kg3 Rd2 39. Kf3 Rd5 40. Ke4
Rd2 41. Ke3 1/2-1/2

[Event "Campeonato Pan-Americano Sub-20 Feminino"]
[Site "CXSP, São Paulo"]
[Date "2012.??.??"]
[Round "1.8"]
[White "Aponte, Oriana Isabel"]
[Black "Schucman, Rebeca Lot"]
[Result "1-0"]
[WhiteElo "1948"]
[BlackElo "1575"]
[PlyCount "109"]
[EventDate "2012.06.29"]

1. e4 c5 2. Nf3 Nc6 3. d4 cxd4 4. Nxd4 g6 5. c4 Bg7 6. Nc2 Nf6 7. Nc3 O-O 8.
Be2 d6 9. O-O Be6 10. Be3 Na5 11. b3 a6 12. Rc1 Rc8 13. Nd5 Bxd5 14. exd5 b6
15. Nd4 Nb7 16. Nc6 Qc7 17. Bf3 Kh8 18. Re1 Nd8 19. Nb4 a5 20. Nd3 Nb7 21. Qe2
Rfe8 22. Nb2 Nc5 23. Qc2 Nfd7 24. Bg4 Kg8 25. Bxd7 Qxd7 26. Nd3 Nxd3 27. Qxd3
Qb7 28. Bd4 Bxd4 29. Qxd4 Rc7 30. h4 Rec8 31. Rc3 b5 32. Rec1 bxc4 33. Rxc4
Rxc4 34. Rxc4 Rxc4 35. Qxc4 Qb4 36. Qxb4 axb4 37. Kf1 Kg7 38. Ke2 Kf6 39. Kd3
Ke5 40. Kc4 f5 41. Kxb4 Kxd5 42. Kb5 e5 43. a4 e4 44. a5 f4 45. a6 e3 46. fxe3
fxe3 47. a7 Kd4 48. a8=Q e2 49. Qa1+ Ke3 50. Qg1+ Kd2 51. Qd4+ Kc2 52. Qe3 Kd1
53. Qd3+ Ke1 54. Kc4 Kf2 55. Qf3+ 1-0

[Event "Campeonato Pan-Americano Sub-20 Feminino"]
[Site "CXSP, São Paulo"]
[Date "2012.??.??"]
[Round "1.9"]
[White "Assef, Nathaly Regina Reis"]
[Black "Jorquera Cabello, Valentina"]
[Result "0-1"]
[WhiteElo "1529"]
[BlackElo "1937"]
[PlyCount "90"]
[EventDate "2012.06.29"]

1. d4 Nf6 2. c4 g6 3. Nc3 Bg7 4. e4 d6 5. Nf3 O-O 6. Be2 e5 7. O-O Nc6 8. d5
Ne7 9. Ne1 Nd7 10. Nd3 f5 11. f3 f4 12. b4 b6 13. Qb3 Kh8 14. Ba3 c5 15. Rab1
a6 16. Rfd1 g5 17. Rd2 Rf6 18. Rdb2 Rh6 19. Nf2 Rg6 20. Qd1 Ng8 21. bxc5 bxc5
22. Qa4 Bf8 23. h3 Ngf6 24. Rb3 Nh5 25. Bc1 Ng3 26. Bd1 h5 27. Bd2 Kh7 28. R3b2
Be7 29. Nb5 Nb6 30. Ba5 Nxa4 31. Bxd8 Nxb2 32. Bxe7 Nxd1 33. Nxd6 Nc3 34. Rb2
Nce2+ 35. Kh2 g4 36. fxg4 hxg4 37. Nxc8 Rxc8 38. Nxg4 Rcg8 39. Nf6+ Rxf6 40.
Bxf6 f3 41. Rb7+ Kh6 42. Bg7+ Rxg7 43. Rxg7 f2 44. Rf7 Nf4 45. d6 f1=Q 0-1

[Event "Campeonato Pan-Americano Sub-20 Feminino"]
[Site "CXSP, São Paulo"]
[Date "2012.06.30"]
[Round "2.1"]
[White "Rodriguez Rueda, Paula Andrea"]
[Black "Ramillo, Vitoria Matheus"]
[Result "1-0"]
[WhiteElo "2208"]
[BlackElo "1778"]
[PlyCount "71"]
[EventDate "2012.06.29"]

1. d4 Nf6 2. c4 g6 3. Nc3 Bg7 4. e4 d6 5. f3 c6 6. Be3 a6 7. Qd2 Qa5 8. Bd3
Nbd7 9. Nge2 c5 10. O-O cxd4 11. Nxd4 Ne5 12. Be2 O-O 13. Nd5 Qd8 14. Kh1 Bd7
15. Rac1 Nc6 16. Rfd1 Re8 17. Nxc6 Bxc6 18. Bb6 Qd7 19. Nc7 Rac8 20. Nxe8 Rxe8
21. Qe3 Qe6 22. Bd4 h5 23. c5 d5 24. e5 Nd7 25. f4 Bh6 26. Bd3 Qg4 27. Rf1 Nf8
28. h3 Qh4 29. Kh2 e6 30. Rce1 Qe7 31. Qg3 Kh7 32. Qf3 Kg8 33. g4 hxg4 34. Qxg4
Bg7 35. Rg1 Qd7 36. h4 1-0

[Event "Campeonato Pan-Americano Sub-20 Feminino"]
[Site "CXSP, São Paulo"]
[Date "2012.06.30"]
[Round "2.2"]
[White "Vescovi, Katherine Lemos"]
[Black "Guimaraes, Artemis Pamela"]
[Result "1/2-1/2"]
[WhiteElo "1752"]
[BlackElo "2042"]
[PlyCount "96"]
[EventDate "2012.06.29"]

1. e4 e5 2. Nf3 Nc6 3. Bb5 a6 4. Ba4 Nf6 5. d3 d6 6. O-O g6 7. d4 Bd7 8. d5 Ne7
9. Bxd7+ Qxd7 10. Re1 Bg7 11. c4 O-O 12. Nc3 h6 13. Be3 Ng4 14. Nd2 f5 15. f3
Nxe3 16. Rxe3 Kh7 17. b4 b6 18. Nb3 Ng8 19. c5 Rad8 20. Qd2 Qe7 21. Na4 b5 22.
Nc3 Nf6 23. a4 Nh5 24. axb5 Nf4 25. Qe1 Qg5 26. Ra2 axb5 27. Nxb5 Ra8 28. Na5
dxc5 29. Nxc7 Rac8 30. d6 cxb4 31. Nc6 Qf6 32. Qxb4 Rxc7 33. dxc7 Qxc6 34. Rc3
Qe6 35. Rb2 Qd7 36. Qxf8 Qd4+ 37. Kf1 Qxc3 38. c8=Q Qd3+ 39. Kf2 Qd4+ 40. Kf1
Bxf8 41. Qxf8 Qc4+ 42. Kf2 Nd3+ 43. Kg3 f4+ 44. Kh4 Nxb2 45. Qe7+ Kg8 46. Qe8+
Kh7 47. Qe7+ Kg8 48. Qe8+ Kg7 1/2-1/2

[Event "Campeonato Pan-Americano Sub-20 Feminino"]
[Site "CXSP, São Paulo"]
[Date "2012.06.30"]
[Round "2.3"]
[White "Alboredo, Julia"]
[Black "Aponte, Oriana Isabel"]
[Result "1-0"]
[WhiteElo "1729"]
[BlackElo "1948"]
[PlyCount "81"]
[EventDate "2012.06.29"]

1. e4 c5 2. Nf3 d6 3. d4 cxd4 4. Qxd4 Nc6 5. Bb5 Bd7 6. Bxc6 Bxc6 7. Nc3 Nf6 8.
Bg5 e6 9. O-O-O Be7 10. Rhe1 O-O 11. Qd2 Qb6 12. Nd4 Rfc8 13. f3 a6 14. g4 Qc7
15. h4 b5 16. Kb1 b4 17. Nce2 Ba4 18. b3 Bb5 19. Bxf6 Bxf6 20. g5 Be7 21. f4
Be8 22. f5 e5 23. Nf3 Bf8 24. f6 g6 25. h5 a5 26. hxg6 fxg6 27. Rh1 Ra7 28. Rh2
Qc6 29. Rdh1 Qxe4 30. Ne1 a4 31. Rh4 Qc6 32. Rc4 Qxh1 33. Rxc8 Bf7 34. Rxf8+
Kxf8 35. Qxd6+ Ke8 36. Qb8+ Kd7 37. Qxa7+ Ke6 38. Qb6+ Kd7 39. Qxb4 a3 40. Ng3
Qd5 41. Nd3 1-0

[Event "Campeonato Pan-Americano Sub-20 Feminino"]
[Site "CXSP, São Paulo"]
[Date "2012.06.30"]
[Round "2.7"]
[White "Dominguez, Gisella"]
[Black "Dall`orsoletta, Alaize"]
[Result "1/2-1/2"]
[WhiteElo "1824"]
[BlackElo "1728"]
[PlyCount "125"]
[EventDate "2012.06.29"]

1. e4 c5 2. Nc3 Nc6 3. f4 g6 4. Nf3 Bg7 5. Bb5 Nd4 6. O-O a6 7. Bd3 e6 8. Nxd4
cxd4 9. Ne2 Ne7 10. c3 dxc3 11. bxc3 f5 12. e5 d6 13. exd6 Qxd6 14. Bc2 e5 15.
fxe5 Bxe5 16. h3 O-O 17. d4 Bg7 18. a4 Rd8 19. Ba3 Qc7 20. Bb3+ Kh8 21. Qe1 Nd5
22. Rb1 Nxc3 23. Nxc3 Bxd4+ 24. Kh1 Qxc3 25. Qe7 Bf6 26. Qxd8+ Bxd8 27. Bb2
Qxb2 28. Rxb2 Bd7 29. Bd5 Bxa4 30. Rxb7 Rc8 31. Rfb1 Bb5 32. Be6 Rc2 33. Rb8
Rd2 34. Rc1 Kg7 35. Bb3 Ba5 36. Rb7+ Kf6 37. Rxh7 Rb2 38. Bd5 Bd2 39. Ra1 Ke5
40. Bf3 Kf4 41. Kh2 Rc2 42. h4 Bc3 43. Rd1 a5 44. Rc7 a4 45. Ra1 Bxa1 46. Rxc2
a3 47. Bd5 Bb2 48. g3+ Ke3 49. Ba2 Bd3 50. Rc6 f4 51. Re6+ Kf3 52. gxf4 Kxf4
53. Rb6 Kg4 54. Rb4+ Kh5 55. Ra4 Bf5 56. Kg3 Bc1 57. Ra5 Kh6 58. Ra4 Kg7 59.
Ra5 Kf6 60. Kf3 Bb2 61. Ke3 Ke7 62. h5 Bc2 63. hxg6 1/2-1/2

[Event "Campeonato Pan-Americano Sub-20 Feminino"]
[Site "CXSP, São Paulo"]
[Date "2012.06.30"]
[Round "2.8"]
[White "Cordero, Daniela"]
[Black "Cancio-Bello Ayes, Flavia"]
[Result "1-0"]
[WhiteElo "2090"]
[BlackElo "2190"]
[PlyCount "125"]
[EventDate "2012.06.29"]

1. d4 c5 2. d5 d6 3. Nc3 e6 4. e4 a6 5. a4 g6 6. dxe6 Bxe6 7. Bf4 Nc6 8. Nf3
Bg4 9. Be2 Nf6 10. h3 Bxf3 11. Bxf3 Be7 12. O-O O-O 13. Qd2 Nd4 14. Be2 Re8 15.
Rfe1 Bf8 16. Bg5 Bg7 17. f3 Qa5 18. Red1 Rab8 19. Bd3 Nh5 20. Bh6 Qd8 21. Bxg7
Kxg7 22. Nd5 Nf6 23. Nxf6 Qxf6 24. Bc4 Rbd8 25. c3 Ne6 26. Qf2 Nf4 27. Rd2 Re5
28. Kh1 Rh5 29. Bf1 Re5 30. Rad1 g5 31. g3 Ng6 32. Rd5 Rxd5 33. Rxd5 Ne7 34. e5
Qe6 35. Rxd6 Rxd6 36. exd6 Qxd6 37. Kg2 Nf5 38. f4 gxf4 39. Qxf4 Qxf4 40. gxf4
Ne3+ 41. Kg1 a5 42. Be2 b6 43. Kf2 Nd5 44. Kf3 Kf6 45. Ke4 Ne7 46. Bg4 h6 47.
Bd7 Ng6 48. Bg4 Ne7 49. Bd7 h5 50. Bb5 Ke6 51. Bc4+ Kf6 52. Be2 Nf5 53. Kd5
Ne3+ 54. Kc6 h4 55. Kxb6 Nd5+ 56. Kxa5 Nxf4 57. Bf1 Nd5 58. Kb5 Ke5 59. a5 f5
60. Kc6 Ne3 61. Be2 Nd5 62. a6 Ne7+ 63. Kb7 1-0

[Event "Campeonato Pan-Americano Sub-20 Feminino"]
[Site "CXSP, São Paulo"]
[Date "2012.06.30"]
[Round "2.9"]
[White "Casusol, Cecilia"]
[Black "Assef, Nathaly Regina Reis"]
[Result "1-0"]
[WhiteElo "2039"]
[BlackElo "1529"]
[PlyCount "37"]
[EventDate "2012.06.29"]

1. e4 d5 2. exd5 Nf6 3. d4 Nxd5 4. Nf3 Bg4 5. Bc4 Nb6 6. Bxf7+ Kxf7 7. Ne5+ Ke8
8. Qxg4 g6 9. Nc3 N8d7 10. O-O Rc8 11. Bf4 Bg7 12. Rad1 Rf8 13. Rfe1 Nf6 14.
Qe6 c6 15. Bg5 Qc7 16. Ng4 Rf7 17. Bxf6 Bxf6 18. Nxf6+ Rxf6 19. Qxf6 1-0

[Event "Campeonato Pan-Americano Sub-20 Feminino"]
[Site "CXSP, São Paulo"]
[Date "2012.06.30"]
[Round "2.10"]
[White "Fassis, Juliana Maria"]
[Black "Rothebarth, Ana Vitoria De Paul"]
[Result "0-1"]
[WhiteElo "1757"]
[BlackElo "2020"]
[PlyCount "72"]
[EventDate "2012.06.29"]

1. e4 e5 2. Nf3 Nc6 3. Bc4 Bc5 4. c3 Nf6 5. d4 exd4 6. O-O d5 7. cxd4 dxc4 8.
dxc5 Qe7 9. Bg5 h6 10. Bxf6 Qxf6 11. Qc2 Be6 12. Na3 Qe7 13. Rac1 Qxc5 14. Qa4
a6 15. Qc2 b5 16. Qc3 O-O 17. Nc2 Rfd8 18. Rcd1 Bg4 19. b3 Bxf3 20. gxf3 Qe5
21. Qe3 cxb3 22. Qxb3 Rd6 23. Rxd6 Qxd6 24. Kh1 Ne5 25. Rg1 Qd3 26. Ne1 Qxb3
27. axb3 Rd8 28. f4 Nd3 29. Nxd3 Rxd3 30. Rg3 Rxg3 31. fxg3 a5 32. Kg2 a4 33.
e5 axb3 34. f5 b2 35. e6 fxe6 36. fxe6 b1=Q 0-1

[Event "Campeonato Pan-Americano Sub-20 Feminino"]
[Site "CXSP, São Paulo"]
[Date "2012.06.30"]
[Round "2.11"]
[White "Schucman, Rebeca Lot"]
[Black "Sena Moura, Danielle"]
[Result "1/2-1/2"]
[WhiteElo "1575"]
[BlackElo "1892"]
[PlyCount "121"]
[EventDate "2012.06.29"]

1. d4 Nf6 2. c4 g6 3. Nc3 d5 4. cxd5 Nxd5 5. e4 Nxc3 6. bxc3 c5 7. Bc4 Bg7 8.
Be3 Nc6 9. Ne2 O-O 10. O-O b6 11. dxc5 Qc7 12. cxb6 axb6 13. Qc2 Ne5 14. Bd5
Rb8 15. Rab1 Ba6 16. Rfd1 e6 17. Bb3 Rfd8 18. Bd4 Ng4 19. g3 e5 20. Be3 Nxe3
21. fxe3 Qc5 22. Kf2 Bh6 23. Qc1 Rxd1 24. Bxd1 Rd8 25. Bc2 Bxe2 26. Kxe2 Qc4+
27. Kf3 Qxc3 28. Bb3 Qd3 29. Bd5 Bxe3 30. Qf1 Qxf1+ 31. Rxf1 Bd4 32. Rc1 Bc5
33. Rd1 Rd7 34. Rd2 Kg7 35. Kg2 f5 36. Kf3 Kf6 37. g4 f4 38. h3 Kg5 39. Rd1 Kh4
40. Rc1 Rc7 41. Bg8 h6 42. Be6 Bd6 43. Rxc7 Bxc7 44. Bf7 g5 45. Kg2 b5 46. Bb3
h5 47. gxh5 Kxh5 48. Bd1+ Kg6 49. Kf3 Ba5 50. Kg4 Be1 51. a3 Kf6 52. Be2 b4 53.
axb4 Bxb4 54. h4 gxh4 55. Kxh4 Ke6 56. Kg4 Kd6 57. Kf3 Kc5 58. Ba6 Kd4 59. Bb7
Kd3 60. Bd5 Kd2 61. Bb7 1/2-1/2

[Event "Campeonato Pan-Americano Sub-20 Feminino"]
[Site "CXSP, São Paulo"]
[Date "2012.06.30"]
[Round "3.1"]
[White "Rodrigues, Fernanda Dos Santos"]
[Black "Rodriguez Rueda, Paula Andrea"]
[Result "0-1"]
[WhiteElo "1893"]
[BlackElo "2208"]
[PlyCount "38"]
[EventDate "2012.06.29"]

1. e4 c5 2. Nc3 d6 3. f4 Nc6 4. Nf3 g6 5. Bc4 Bg7 6. O-O e6 7. d3 Nge7 8. Qe1
O-O 9. f5 d5 10. Bb3 c4 11. fxg6 cxb3 12. gxh7+ Kh8 13. Qh4 Ng6 14. Qh5 bxc2
15. Ng5 f6 16. Qxg6 fxg5 17. Bxg5 Qe8 18. Rxf8+ Qxf8 19. Rf1 Bd4+ 0-1

[Event "Campeonato Pan-Americano Sub-20 Feminino"]
[Site "CXSP, São Paulo"]
[Date "2012.06.30"]
[Round "3.2"]
[White "Alboredo, Julia"]
[Black "Jorquera Cabello, Valentina"]
[Result "1/2-1/2"]
[WhiteElo "1729"]
[BlackElo "1937"]
[PlyCount "78"]
[EventDate "2012.06.29"]

1. e4 c5 2. Nf3 e6 3. d3 Nc6 4. g3 d5 5. Nbd2 g6 6. Bg2 Bg7 7. O-O Nge7 8. c3
b6 9. Re1 O-O 10. Nf1 d4 11. e5 h6 12. h4 a5 13. N1h2 Ra7 14. c4 Ba6 15. Ng4
Nf5 16. Nd2 Nb8 17. Ne4 Nd7 18. Nd6 Nxd6 19. exd6 h5 20. Nh2 e5 21. Bg5 f6 22.
Bd5+ Kh7 23. Bd2 f5 24. Nf3 Bf6 25. Bg5 Kg7 26. Qd2 Rh8 27. Nxe5 Nxe5 28. Rxe5
Bc8 29. Bxf6+ Qxf6 30. Qf4 Qxd6 31. Rxf5 Qxf4 32. Rxf4 Bf5 33. Be4 Bg4 34. f3
Be6 35. Re1 Rd8 36. Bxg6 Bxc4 37. Bxh5 Bxd3 38. Re6 Bc2 39. Rg4+ Kh7 1/2-1/2

[Event "Campeonato Pan-Americano Sub-20 Feminino"]
[Site "CXSP, São Paulo"]
[Date "2012.06.30"]
[Round "3.3"]
[White "Guimaraes, Artemis Pamela"]
[Black "Pereira, Amanda Marques"]
[Result "0-1"]
[WhiteElo "2042"]
[BlackElo "1999"]
[PlyCount "86"]
[EventDate "2012.06.29"]

1. e4 c5 2. Nf3 e6 3. d4 cxd4 4. Nxd4 a6 5. c4 Nf6 6. Nc3 d6 7. Be3 Nbd7 8. Be2
Qc7 9. O-O Be7 10. f3 O-O 11. Qd2 b6 12. a4 Bb7 13. a5 bxa5 14. Nb3 Rab8 15.
Nxa5 Ba8 16. Rfc1 Bd8 17. b4 Be7 18. Nd5 exd5 19. cxd5 Qd8 20. Nc6 Qe8 21. Bxa6
Ne5 22. b5 Nfd7 23. Ba7 Bd8 24. Nxd8 Qxd8 25. Qe3 Nb6 26. Rc2 f5 27. Bxb8 Qxb8
28. Rac1 fxe4 29. fxe4 Ned7 30. Rc6 Bxc6 31. bxc6 Nc5 32. Rxc5 dxc5 33. Qxc5
Qa7 34. Bf1 Qa1 35. Qb5 Qd4+ 36. Kh1 Qxe4 37. d6 Qf4 38. Qb3+ Rf7 39. Qxb6
Qxf1+ 40. Qg1 Qc4 41. d7 Rf8 42. h3 Qxc6 43. Qd1 Rd8 0-1

[Event "Campeonato Pan-Americano Sub-20 Feminino"]
[Site "CXSP, São Paulo"]
[Date "2012.06.30"]
[Round "3.5"]
[White "Dall`orsoletta, Alaize"]
[Black "Cordero, Daniela"]
[Result "1/2-1/2"]
[WhiteElo "1728"]
[BlackElo "2090"]
[PlyCount "119"]
[EventDate "2012.06.29"]

1. e4 e6 2. d4 d5 3. Nc3 Nf6 4. Bg5 Bb4 5. e5 h6 6. Bd2 Bxc3 7. bxc3 Ne4 8. Bd3
Nxd2 9. Qxd2 c5 10. Nf3 Nc6 11. O-O Qa5 12. Rfd1 c4 13. Bf1 Qa3 14. Re1 b5 15.
Rab1 Rb8 16. Nh4 a5 17. f4 b4 18. cxb4 axb4 19. Nf3 Ra8 20. Ra1 Ba6 21. Qc1
Qxc1 22. Rexc1 c3 23. a4 Bc4 24. Kf2 Ke7 25. Ke3 Ra5 26. Bd3 Rha8 27. g4 Rxa4
28. Rxa4 Rxa4 29. f5 Ra2 30. fxe6 fxe6 31. Bg6 Kd7 32. Bd3 Na5 33. h4 Bxd3 34.
Kxd3 Nc4 35. Ne1 Ra8 36. Rb1 Nb2+ 37. Ke3 Kc6 38. Nd3 Nxd3 39. Kxd3 Kb5 40. Rf1
Ra7 41. Rf8 Kc6 42. Re8 Kd7 43. Rb8 Kc7 44. Rxb4 Ra1 45. g5 hxg5 46. hxg5 Rg1
47. Kxc3 Rxg5 48. Rb1 Rg3+ 49. Kd2 g5 50. Rf1 Kd7 51. Ke2 Ke7 52. Kf2 Rc3 53.
Rg1 Rxc2+ 54. Ke3 Rc3+ 55. Kd2 Rf3 56. Rxg5 Kf7 57. Ke2 Rf4 58. Ke3 Re4+ 59.
Kd3 Rh4 60. Rg3 1/2-1/2

[Event "Campeonato Pan-Americano Sub-20 Feminino"]
[Site "CXSP, São Paulo"]
[Date "2012.06.30"]
[Round "3.10"]
[White "Cancio-Bello Ayes, Flavia"]
[Black "Schucman, Rebeca Lot"]
[Result "1-0"]
[WhiteElo "2190"]
[BlackElo "1575"]
[PlyCount "46"]
[EventDate "2012.06.29"]

1. e4 c5 2. Nf3 Nc6 3. d4 cxd4 4. Nxd4 g6 5. Nc3 Bg7 6. Be3 Nf6 7. Bc4 Qa5 8.
O-O O-O 9. Bb3 d6 10. h3 Bd7 11. f4 a6 12. a3 Nxd4 13. Bxd4 e5 14. Be3 Bc6 15.
Qd3 Rad8 16. Rad1 Rfe8 17. f5 Nd7 18. fxg6 Kh8 19. Rxf7 Nc5 20. Qe2 hxg6 21.
Qg4 Rf8 22. Qh4+ Kg8 23. Rxf8+ Kxf8 1-0

[Event "Campeonato Pan-Americano Sub-20 Feminino"]
[Site "CXSP, São Paulo"]
[Date "2012.06.30"]
[Round "3.11"]
[White "Sena Moura, Danielle"]
[Black "Fassis, Juliana Maria"]
[Result "1/2-1/2"]
[WhiteElo "1892"]
[BlackElo "1757"]
[PlyCount "41"]
[EventDate "2012.06.29"]

1. d4 Nf6 2. c4 c5 3. d5 e6 4. Nc3 exd5 5. cxd5 d6 6. e4 g6 7. f4 Bg7 8. Bb5+
Nbd7 9. e5 dxe5 10. fxe5 Nh5 11. e6 Qh4+ 12. g3 Nxg3 13. hxg3 Qxh1 14. Be3 O-O
15. exd7 Bxd7 16. Bxd7 Rfe8 17. Bxe8 Rxe8 18. Kd2 Bxc3+ 19. bxc3 Qxd5+ 20. Ke2
Qg2+ 21. Kd3 1/2-1/2

[Event "Campeonato Pan-Americano Sub-20 Feminino"]
[Site "CXSP, São Paulo"]
[Date "2012.07.01"]
[Round "4.2"]
[White "Pereira, Amanda Marques"]
[Black "Alboredo, Julia"]
[Result "1-0"]
[WhiteElo "1999"]
[BlackElo "1729"]
[PlyCount "51"]
[EventDate "2012.06.29"]

1. e4 c5 2. Nf3 a6 3. c3 d5 4. exd5 Qxd5 5. d4 e6 6. Be2 Nf6 7. O-O Be7 8. Be3
cxd4 9. cxd4 O-O 10. Nc3 Qd8 11. Rc1 Nc6 12. a3 Ng4 13. Bd3 Nxe3 14. fxe3 Qb6
15. Na4 Qa7 16. Bb1 e5 17. Qd3 g6 18. Rxc6 e4 19. Qxe4 bxc6 20. Ne5 Be6 21.
Nxc6 Qd7 22. d5 Bxd5 23. Nxe7+ Kg7 24. Nxd5 Rae8 25. Qd4+ f6 26. Nxf6 1-0

[Event "Campeonato Pan-Americano Sub-20 Feminino"]
[Site "CXSP, São Paulo"]
[Date "2012.07.01"]
[Round "4.3"]
[White "Casusol, Cecilia"]
[Black "Rodrigues, Fernanda Dos Santos"]
[Result "0-1"]
[WhiteElo "2039"]
[BlackElo "1893"]
[PlyCount "94"]
[EventDate "2012.06.29"]

1. e4 Nf6 2. e5 Nd5 3. c4 Nb6 4. d4 d6 5. exd6 cxd6 6. Nc3 g6 7. Nf3 Bg7 8. Bd3
Nc6 9. Be3 Bg4 10. h3 Bxf3 11. Qxf3 Nxd4 12. Qxb7 O-O 13. O-O f5 14. Bg5 Rf7
15. Rfe1 Rb8 16. Bxe7 Qe8 17. Qc7 Be5 18. Rxe5 dxe5 19. Qxe5 Nc6 20. Qe6 Rb7
21. Nd5 Nxd5 22. cxd5 Nxe7 23. d6 Qd7 24. Bc4 Nc6 25. Qd5 Kg7 26. Rc1 Rf6 27.
Rd1 Nd8 28. b3 Nf7 29. a4 Qxd6 30. Qf3 Qe7 31. Qc3 g5 32. Re1 Qd8 33. Re6 Rb6
34. Re2 Rbc6 35. Qb2 Kg6 36. g4 Qd1+ 37. Kg2 Nd6 38. Qe5 fxg4 39. hxg4 Nf7 40.
Bxf7+ Rxf7 41. Qe4+ Kg7 42. Qe5+ Rcf6 43. Qxg5+ Kf8 44. Qc5+ Qd6 45. Qc8+ Kg7
46. Qc3 Qc6+ 47. Qxc6 Rxc6 0-1

[Event "Campeonato Pan-Americano Sub-20 Feminino"]
[Site "CXSP, São Paulo"]
[Date "2012.07.01"]
[Round "4.4"]
[White "Vescovi, Katherine Lemos"]
[Black "Aponte, Oriana Isabel"]
[Result "0-1"]
[WhiteElo "1752"]
[BlackElo "1948"]
[PlyCount "62"]
[EventDate "2012.06.29"]

1. e4 c5 2. Nf3 d6 3. d4 cxd4 4. Qxd4 Nc6 5. Bb5 Bd7 6. Bxc6 Bxc6 7. Nc3 Nf6 8.
Bg5 e6 9. O-O-O Be7 10. Rhe1 O-O 11. Qd2 Qc7 12. Nd4 Rfc8 13. f3 Rab8 14. g4 b5
15. Kb1 b4 16. Nce2 a5 17. Ng3 h6 18. Be3 Nd7 19. g5 Ne5 20. b3 Bb5 21. gxh6 g6
22. Bg5 a4 23. Bxe7 Qxe7 24. Nxb5 Rxb5 25. Qe2 Rbc5 26. Rc1 Qf6 27. Red1 axb3
28. cxb3 Rxc1+ 29. Rxc1 Rxc1+ 30. Kxc1 Nxf3 31. Qa6 Qc3+ 0-1